[Event "1. liga V 18/19, Jundrov-SM"]
[Site ""]
[Date "2018.11.11"]
[Round "2.4"]
[White "Zpevakova, Jana"]
[Black "Skacelik, Petr"]
[Result "1-0"]
[WhiteElo "2052"]
[BlackElo "2183"]
[PlyCount "0"]
[WhiteTeam "SK Stare Mesto"]
[BlackTeam "Jezdci Jundrov"]
[EventDate "2018.10.21"]

1. d4 Nf6 2. c4 g6 3. Nc3 Bg7 4. Nf3 d6 5. Bg5 h6 6. Bh4 O-O 7. e3 g5 8. Bg3
Nh5 9. Qc2 e6 10. Be2 Qe7 11. Nd2 Nxg3 12. hxg3 c5 13. O-O-O Nc6 14. Nb3 b6 15.
f4 Bb7 16. Rh5 f5 17. fxg5 hxg5 18. g4 a5 19. a4 Nb4 20. Qd2 Rad8 21. d5 exd5
22. cxd5 Bc8 23. Bd3 Nxd3+ 24. Qxd3 Bd7 25. Rhh1 Rde8 26. Rde1 c4 27. Qxc4 Rc8
28. Qd3 Bxc3 29. bxc3 Qe4 30. Qd4 Qxd4 31. Nxd4 Rxc3+ 32. Kd2 Rc5 33. gxf5 Rxd5
34. g4 Bxa4 35. Rh5 Kf7 36. Rc1 Rc5 37. Rch1 Rg8 38. Rh7+ Kf6 39. Nf3 Rd5+ 40.
Ke2 Rg7 41. R1h6+ Kf7 42. Nxg5+ 1-0

[Event "1. liga V 18/19, Jundrov-SM"]
[Site ""]
[Date "2018.11.11"]
[Round "2.5"]
[White "Tovarek, Antonin"]
[Black "Mrkus, Frantisek"]
[Result "1/2-1/2"]
[WhiteElo "1979"]
[BlackElo "2162"]
[PlyCount "0"]
[WhiteTeam "Jezdci Jundrov"]
[BlackTeam "SK Stare Mesto"]
[EventDate "2018.10.21"]

1. e4 e5 2. Nf3 Nc6 3. Bb5 a6 4. Ba4 Nf6 5. O-O Be7 6. Re1 b5 7. Bb3 d6 8. c3
O-O 9. h3 Na5 10. Bc2 c5 11. d4 Qc7 12. Nbd2 cxd4 13. cxd4 Nc6 14. Nf1 exd4 15.
Bf4 Be6 16. Ng3 Qa7 17. a4 Qc5 18. Rc1 Rac8 19. e5 dxe5 20. Nxe5 Qd5 21. Bb3
Qxb3 22. Nxc6 Rxc6 23. Rxc6 Bb4 24. Rcxe6 Qxd1 25. Rxd1 fxe6 26. Be5 bxa4 27.
Bxf6 Rxf6 28. Ne4 Rf4 29. Rxd4 a5 30. g3 Rf5 31. Kf1 Rd5 32. Rc4 Kf8 33. Ke2 a3
34. bxa3 Bxa3 35. f4 h6 36. g4 Bb4 37. h4 Be7 38. g5 hxg5 39. fxg5 Kf7 40. Rc7
Ke8 41. Ra7 Rd4 42. Ke3 Ra4 43. h5 Ra3+ 44. Kf4 Rh3 45. Ke5 Re3 46. h6 gxh6 47.
gxh6 Rh3 48. Kxe6 1/2-1/2

[Event "1. liga V 18/19, Jundrov-SM"]
[Site ""]
[Date "2018.11.11"]
[Round "2.6"]
[White "Bazant, Petr"]
[Black "Kucera, Petr"]
[Result "1-0"]
[WhiteElo "2231"]
[BlackElo "1947"]
[PlyCount "0"]
[WhiteTeam "SK Stare Mesto"]
[BlackTeam "Jezdci Jundrov"]
[EventDate "2018.10.21"]

1. d4 Nf6 2. c4 e6 3. Nf3 Bb4+ 4. Bd2 Qe7 5. a3 Bxd2+ 6. Nbxd2 d5 7. e3 O-O 8.
Bd3 Nc6 9. O-O e5 10. cxd5 Nxd5 11. Be4 Qd8 12. dxe5 Be6 13. Qc2 h6 14. Rfd1
Qc8 15. Nb3 Nce7 16. Nbd4 c6 17. Rd2 Qc7 18. h3 Rad8 19. Rad1 Qc8 20. Kh2 Qb8
21. g3 Qc8 22. Bxd5 cxd5 23. Qxc8 Rxc8 24. Nxe6 fxe6 25. Nd4 Kf7 26. f4 a6 27.
Kg2 g6 28. Kf3 Rc5 29. Rc2 Rxc2 30. Nxc2 Rc8 31. Rd2 Rc4 32. g4 g5 33. Nd4 Nc6
34. Nxc6 bxc6 35. Rd4 Rc5 36. Rb4 Rb5 37. Rxb5 axb5 38. b4 Kg6 39. Ke2 h5 40.
Kd3 hxg4 41. hxg4 Kf7 42. f5 Ke7 43. f6+ Kf7 44. Kd4 1-0

[Event "1. liga V 18/19, Jundrov-SM"]
[Site ""]
[Date "2018.11.11"]
[Round "2.7"]
[White "Ruzicka, Martin"]
[Black "Horsak, Jan"]
[Result "1/2-1/2"]
[WhiteElo "1954"]
[BlackElo "2025"]
[PlyCount "0"]
[WhiteTeam "Jezdci Jundrov"]
[BlackTeam "SK Stare Mesto"]
[EventDate "2018.10.21"]

1. d4 Nf6 2. c4 g6 3. Nc3 Bg7 4. g3 d5 5. cxd5 Nxd5 6. Bg2 Nxc3 7. bxc3 O-O 8.
Rb1 c5 9. e3 Nc6 10. Ne2 Qa5 11. a4 cxd4 12. Rb5 Qa6 13. cxd4 Bd7 14. Bd2 Rab8
15. O-O b6 16. Rb1 Bg4 17. f3 Be6 18. Nc3 Bc4 19. Re1 Rfd8 20. Nb5 Rbc8 21. Qc2
Nxd4 22. exd4 Bxb5 23. axb5 Rxc2 24. bxa6 Rxd2 25. Rxe7 Bxd4+ 26. Kh1 Bc5 27.
Ree1 Ra2 28. Ra1 Rdd2 29. Rxa2 Rxa2 30. Re8+ Kg7 31. Bf1 Rf2 32. Bc4 Rxf3 33.
Ra8 Rc3 34. Bf1 Rf3 35. Bc4 Rc3 36. Bf1 b5 37. Bxb5 Rb3 38. Rb8 Bb6 39. Bf1 h5
40. Rb7 Rb4 41. Bd3 Kf6 42. Kg2 Ke6 43. Be2 f5 44. Rg7 Kf6 45. Rd7 Rb2 46. Kf1
g5 47. h3 h4 48. gxh4 gxh4 49. Rd3 Ke5 50. Rd7 Kf4 51. Rd3 Ra2 52. Rf3+ Ke4 53.
Rb3 Ra1+ 54. Kg2 Ra2 55. Kf1 Ra1+ 56. Kg2 Rg1+ 57. Kh2 Re1 58. Bf3+ Kf4 59. Bb7
Bd4 60. Rf3+ Ke5 61. Ra3 Re2+ 62. Kh1 Be3 63. Bf3 Re1+ 64. Kh2 Kf4 65. Bb7 Re2+
66. Bg2 Bd4 67. Rf3+ Ke5 68. Ra3 Bc5 69. Ra4 Bd4 70. Ra3 Bc5 71. Ra4 f4 72. Kh1
Rf2 73. Re4+ Kf5 74. Rc4 Be3 75. Rc3 Ra2 76. Bb7 Ke5 77. Rd3 Bd4 78. Rb3 Ra1+
79. Kg2 Rg1+ 80. Kh2 Bc5 81. Rb5 Rc1 82. Rb3 Rc2+ 83. Kh1 Kd4 84. Rf3 Bd6 85.
Kg1 Rb2 86. Rf2 Rb1+ 87. Rf1 Rb3 88. Rf3 1/2-1/2

[Event "1. liga V 18/19, Jundrov-SM"]
[Site ""]
[Date "2018.11.11"]
[Round "2.8"]
[White "Babula, Vlastimil"]
[Black "Chmelicek, Bronislav"]
[Result "1/2-1/2"]
[WhiteElo "1951"]
[BlackElo "1949"]
[PlyCount "0"]
[WhiteTeam "SK Stare Mesto"]
[BlackTeam "Jezdci Jundrov"]
[EventDate "2018.10.21"]

1. e4 c6 2. d4 d5 3. exd5 cxd5 4. Bd3 Nf6 5. h3 e6 6. Nf3 b6 7. c3 Bd6 8. O-O
O-O 9. Bg5 Ba6 10. Bxa6 Nxa6 11. Ne5 Nb8 12. Nd2 Be7 13. Qc2 h6 14. Bh4 Qc7 15.
Rae1 Nc6 16. Qa4 Rfc8 17. Bg3 Bd6 18. Qd1 b5 19. Kh1 a5 20. f4 Ne7 21. Rf3
b4 22. Bh4 Nh7 23. Bxe7 Qxe7 24. Ree3 g6 25. Rg3 Bxe5 26. dxe5 bxc3 27. Rxc3
Rxc3 28. Rxc3 Qb4 29. g3 Qxb2 30. Rc2 Qd4 31. Qb1 Qf2 32. Nf1 Qf3+ 33. Kg1 Qe4
34. Qb7 Qd4+ 35. Kh1 Rf8 36. Qc7 Qb4 37. Nd2 Rb8 38. h4 a4 39. Kh2 h5 40. Kh1
1/2-1/2

[Event "1. liga V 18/19, Hostalkova-Ostrava"]
[Site ""]
[Date "2018.11.11"]
[Round "2.1"]
[White "Roubalik, Jakub"]
[Black "Caletka, Radomir"]
[Result "1-0"]
[WhiteElo "2410"]
[BlackElo "2301"]
[PlyCount "0"]
[WhiteTeam "Sachy Hostalkova"]
[BlackTeam "TJ Ostrava"]
[EventDate "2018.10.21"]

1. c4 c5 2. Nf3 Nf6 3. Nc3 e6 4. e3 Nc6 5. d4 d5 6. a3 Ne4 7. Bd3 Nxc3 8. bxc3
Be7 9. O-O O-O 10. Bb2 b6 11. cxd5 exd5 12. Qc2 h6 13. c4 dxc4 14. Bh7+ Kh8 15.
Be4 Bb7 16. d5 Na5 17. Rad1 Bf6 18. Ne5 Bxe5 19. Bxe5 b5 20. Qb2 f6 21. Bc3 Nb3
22. Qe2 Rf7 23. Qh5 Re7 24. Bf5 Qe8 25. Bg6 Qf8 26. d6 Rd7 27. Bf5 Bc6 28. Qg6
Qg8 29. e4 Re8 30. Rfe1 Nd4 31. Bxd4 cxd4 32. Rxd4 a5 33. f4 Red8 34. e5 1-0

[Event "1. liga V 18/19, Hostalkova-Ostrava"]
[Site ""]
[Date "2018.11.11"]
[Round "2.2"]
[White "Klima, Lukas"]
[Black "Pala, Vladimir"]
[Result "1-0"]
[WhiteElo "2320"]
[BlackElo "2232"]
[PlyCount "0"]
[WhiteTeam "TJ Ostrava"]
[BlackTeam "Sachy Hostalkova"]
[EventDate "2018.10.21"]

1. e4 e6 2. d3 d5 3. Nd2 Nf6 4. g3 c5 5. Bg2 Nc6 6. Ngf3 Be7 7. O-O b6 8. Re1
Bb7 9. c3 Qc7 10. a3 Ba6 11. e5 Nd7 12. Nf1 h6 13. b4 g5 14. h3 O-O-O 15. d4
Bxf1 16. Bxf1 c4 17. a4 Rdg8 18. Bg2 Nf8 19. Nd2 Rg7 20. Qh5 Nd7 21. Nf1 Nd8
22. Ne3 a6 23. Bxd5 1-0

[Event "1. liga V 18/19, Hostalkova-Ostrava"]
[Site ""]
[Date "2018.11.11"]
[Round "2.3"]
[White "Karlik, Ondrej"]
[Black "Malik, Jan"]
[Result "1-0"]
[WhiteElo "2176"]
[BlackElo "2316"]
[PlyCount "0"]
[WhiteTeam "Sachy Hostalkova"]
[BlackTeam "TJ Ostrava"]
[EventDate "2018.10.21"]

1. e4 c5 2. Nf3 d6 3. d4 cxd4 4. Nxd4 Nf6 5. Nc3 a6 6. f3 e5 7. Nb3 Be6 8. Be3
Nbd7 9. Qd2 Be7 10. O-O-O O-O 11. g4 Nb6 12. Kb1 Rc8 13. h4 Nfd7 14. g5 f5 15.
gxf6 Nxf6 16. Bg5 Nc4 17. Bxc4 Rxc4 18. Rhg1 Kh8 19. f4 Rxc3 20. Qxc3 Nxe4 21.
Qb4 Nxg5 22. hxg5 Rxf4 23. Qxb7 a5 24. Nc5 Bf5 25. Nd3 Rd4 26. Rdf1 Bg6 27. a3
Rc4 28. Rf2 Rc8 29. Rgf1 Rb8 30. Qc6 Qc8 31. Qd5 Qg8 32. Qxa5 Bxg5 33. Qc7 Rd8
34. a4 h6 35. Rg2 Be4 36. Rg4 Bxd3 37. cxd3 Rc8 38. Qxd6 Qb3 39. Rf8+ Rxf8 40.
Qxf8+ Kh7 41. Qf5+ g6 42. Qd7+ 1-0

[Event "1. liga V 18/19, Hostalkova-Ostrava"]
[Site ""]
[Date "2018.11.11"]
[Round "2.4"]
[White "Michenka, Jozef"]
[Black "Krejca, Jakub"]
[Result "1/2-1/2"]
[WhiteElo "2281"]
[BlackElo "2155"]
[PlyCount "0"]
[WhiteTeam "TJ Ostrava"]
[BlackTeam "Sachy Hostalkova"]
[EventDate "2018.10.21"]

1. d4 d5 2. c4 e6 3. Nf3 Nf6 4. Bg5 Be7 5. Nc3 O-O 6. e3 Nbd7 7. Rc1 b6 8. cxd5
exd5 9. Be2 Bb7 10. O-O c5 11. dxc5 bxc5 12. Qc2 Rc8 13. Rfd1 Qb6 14. Nh4 Rfe8
15. Nf5 Bf8 16. Bb5 Bc6 17. Bxc6 Qxc6 18. Qd3 Rb8 19. b3 c4 20. Qe2 Ba3 21. Rc2
cxb3 22. axb3 Rbc8 23. Nd4 Qb7 24. Qb5 Qxb5 25. Ncxb5 Rxc2 26. Nxc2 Bc5 27. b4
Bb6 28. Nd6 Rd8 29. Nd4 h6 30. Bh4 Bxd4 31. exd4 Rb8 32. Rb1 Ne4 33. Nxe4 dxe4
34. Kf1 f5 35. Bg3 Rb5 36. Bc7 Nb6 37. Bxb6 Rxb6 38. Ke2 Rb5 39. Kd2 a5 40. Kc3
axb4+ 41. Rxb4 Ra5 42. Rb2 Kf7 43. Kc4 Ra6 44. Kd5 Ra5+ 45. Kc4 Ra6 46. Kd5 Kf6
47. h4 g5 48. hxg5+ hxg5 49. Rc2 Ra5+ 50. Kd6 f4 51. g4 fxg3 52. fxg3 Kf5 53.
Rc5+ Rxc5 54. dxc5 e3 55. c6 e2 56. c7 e1=Q 57. c8=Q+ Kf6 58. Qf8+ Kg6 59. Qf3
Qa5 60. Ke6 1/2-1/2

[Event "1. liga V 18/19, Hostalkova-Ostrava"]
[Site ""]
[Date "2018.11.11"]
[Round "2.5"]
[White "Malcanek, Jan"]
[Black "Mrva, Marek"]
[Result "1/2-1/2"]
[WhiteElo "2120"]
[BlackElo "2138"]
[PlyCount "0"]
[WhiteTeam "Sachy Hostalkova"]
[BlackTeam "TJ Ostrava"]
[EventDate "2018.10.21"]

1. e4 d6 2. d4 Nf6 3. Nc3 e5 4. Nf3 exd4 5. Nxd4 Be7 6. Bc4 O-O 7. O-O Nxe4 8.
Nxe4 d5 9. Bd3 dxe4 10. Bxe4 Bf6 11. Be3 c6 12. c3 Re8 13. Qc2 g6 14. Rfe1 Nd7
15. Rad1 Qc7 16. Bh6 Nf8 17. Qc1 Ne6 18. Bb1 Bd7 19. Nxe6 Bxe6 20. Qf4 1/2-1/2

[Event "1. liga V 18/19, Hostalkova-Ostrava"]
[Site ""]
[Date "2018.11.11"]
[Round "2.6"]
[White "Splichal, Stanislav"]
[Black "Mitura, Karel"]
[Result "1/2-1/2"]
[WhiteElo "2175"]
[BlackElo "2162"]
[PlyCount "0"]
[WhiteTeam "TJ Ostrava"]
[BlackTeam "Sachy Hostalkova"]
[EventDate "2018.10.21"]
1. Nf3 Nf6 2. d4 g6 3. g3 Bg7 4. Bg2 d6 5. O-O O-O 6. c4 Nbd7 7. Nc3 e5 8. e4
c6 9. h3 a6 10. Be3 Qe7 11. Re1 b5 12. cxb5 axb5 13. a3 Bb7 14. Qc2 Rfe8 15.
Rad1 Rad8 16. b4 h6 17. Qb3 Kh8 18. dxe5 dxe5 19. Rd2 Nh7 20. Red1 Nhf8 21. a4
bxa4 22. Nxa4 Ne6 23. Bf1 Ndf8 24. Nc5 Rxd2 25. Rxd2 Bc8 26. Kh2 Rd8 27. Qd1
Rxd2 28. Qxd2 Kh7 29. Bc4 Qc7 30. Qa2 Nxc5 31. Bxc5 Ne6 32. Be3 Qd6 33. Qa4 Bd7
34. Kg2 Bf6 35. Ba2 Kg7 36. Qa7 Qc7 37. Qxc7 Nxc7 1/2-1/2

[Event "1. liga V 18/19, Hostalkova-Ostrava"]
[Site ""]
[Date "2018.11.11"]
[Round "2.7"]
[White "Krmela, Ales"]
[Black "Hladik, Oto"]
[Result "0-1"]
[WhiteElo "2080"]
[BlackElo "2147"]
[PlyCount "0"]
[WhiteTeam "Sachy Hostalkova"]
[BlackTeam "TJ Ostrava"]
[EventDate "2018.10.21"]

1. c4 Nf6 2. Nc3 g6 3. g3 Bg7 4. Bg2 O-O 5. e3 c5 6. Nge2 Nc6 7. O-O Ne5 8. d3
d6 9. Rb1 Rb8 10. b3 Bg4 11. f4 Nc6 12. h3 Bd7 13. Bb2 a6 14. g4 e6 15. Ng3 Ne8
16. Nce4 f5 17. gxf5 gxf5 18. Bxg7 Nxg7 19. Ng5 h6 20. Nf3 Qf6 21. d4 Rbd8 22.
Qd2 Kh8 23. Kh2 e5 24. fxe5 dxe5 25. d5 e4 26. Ng1 Ne5 27. Rf4 Qd6 28. Rbf1 Ng6
29. R4f2 Nh5 30. N1e2 Rg8 31. Rf4 Ngxf4 32. exf4 Qg6 33. Qe3 Rg7 34. Rf2 Nxg3
35. Nxg3 Rdg8 36. Ne2 b6 37. Bf1 Qf6 38. Qc1 Be8 39. Qe3 Bh5 40. Rg2 Bf3 41.
Rxg7 Rxg7 42. Qf2 Qb2 43. a4 a5 44. h4 Qd2 45. Kh3 h5 46. Kh2 Kg8 47. b4 Bxe2
0-1

[Event "1. liga V 18/19, Hostalkova-Ostrava"]
[Site ""]
[Date "2018.11.11"]
[Round "2.8"]
[White "Vesely, Martin"]
[Black "Vraj, Ondrej"]
[Result "1-0"]
[WhiteElo "2073"]
[BlackElo "1994"]
[PlyCount "0"]
[WhiteTeam "TJ Ostrava"]
[BlackTeam "Sachy Hostalkova"]
[EventDate "2018.10.21"]

1. d4 d5 2. Nf3 Nf6 3. c4 e6 4. Nc3 Be7 5. Bg5 Nbd7 6. e3 O-O 7. Bd3 b6 8. O-O
Bb7 9. cxd5 exd5 10. Rc1 c5 11. b3 Ne4 12. Bxe7 Qxe7 13. Qe2 Rac8 14. Ba6 Ndf6
15. dxc5 bxc5 16. Nxe4 Nxe4 17. Rc2 Rc6 18. Bxb7 Qxb7 19. Ne5 Rc7 20. Rfc1 Rfc8
21. h3 f6 22. Nf3 a6 23. Qd3 Qc6 24. Nd4 Qd7 25. Ne2 Qd6 26. Nf4 Rd7 27. Rd1
Rcd8 28. f3 Ng5 29. Rcd2 d4 30. Qc4+ Kh8 31. Rc2 Qe5 32. Nd3 Qxe3+ 33. Kh2 Qe8
34. Qxc5 Ne6 35. Qa5 Rd6 36. Re2 Qd7 37. Rde1 h6 38. Rxe6 1-0

[Event "1. liga V 18/19, Gordic-Litovel"]
[Site ""]
[Date "2018.11.11"]
[Round "2.1"]
[White "Zwardon, Vojtech"]
[Black "Belunek, Vladimir"]
[Result "1/2-1/2"]
[WhiteElo "2453"]
[BlackElo "2201"]
[PlyCount "0"]
[WhiteTeam "SK Gordic"]
[BlackTeam "TJ Tatran Litovel"]
[EventDate "2018.10.21"]

1. c4 e6 2. Nc3 d5 3. d4 Be7 4. Nf3 Nf6 5. cxd5 exd5 6.
Bf4 c6 7. e3 Bf5 8. Bd3 Bxd3 9. Qxd3 Nbd7 10. O-O O-O 11. h3 Re8 12. Rab1 a5
13. Rbc1 Nf8 14. Ne5 Ng6 15. Bg3 Bb4 16. Qf5 Qc8 17. Qf3 Qe6 18. Rfd1 Nxe5 19.
Bxe5 Nd7 20. Bc7 f5 21. Ne2 Rac8 22. Bh2 Qe4 23. Nf4 Qxf3 24. gxf3 Be7 25. a4
Kf7 26. Rc2 Ra8 27. Nd3 g5 28. Rc3 Rg8 29. Rb3 Ra7 30. Kf1 Ke6 31. Ke2 Bd6 32.
Bxd6 Kxd6 33. Rg1 Rg6 34. h4 g4 35. fxg4 Rxg4 36. Rxg4 fxg4 37. f3 gxf3+ 38.
Kxf3 b6 39. Ne5 Nxe5+ 40. dxe5+ Kxe5 41. Rxb6 Rf7+ 42. Ke2 Rg7 43. b3 Rg6 44.
h5 Rh6 45. Kd3 Kd6 46. Ra6 Rxh5 47. Rxa5 Rh4 48. Ra7 Rb4 49. Kc3 Re4 50. Rxh7
Rxe3+ 51. Kb2 c5 1/2-1/2

[Event "1. liga V 18/19, Gordic-Litovel"]
[Site ""]
[Date "2018.11.11"]
[Round "2.2"]
[White "Vanek, Ladislav"]
[Black "Karasek, Lukas"]
[Result "0-1"]
[WhiteElo "2239"]
[BlackElo "2298"]
[PlyCount "0"]
[WhiteTeam "TJ Tatran Litovel"]
[BlackTeam "SK Gordic"]
[EventDate "2018.10.21"]

1. d4 Nf6 2. Nf3 e6 3. e3 b6 4. Bd3 Bb7 5. Nbd2 c5 6.
O-O Be7 7. Qe2 O-O 8. c3 Nc6 9. a3 cxd4 10. exd4 Qc7 11. Ne4 Nxe4 12. Qxe4 f5
13. Qe2 Rae8 14. b4 Bd6 15. c4 Ne7 16. Ne5 Ng6 17. Rd1 Nh4 18. f3 f4 19. Bb2
Qd8 20. c5 Bb8 21. Rac1 Bd5 22. Bb5 Bxe5 23. dxe5 Rf5 24. Rf1 Rg5 25. Rf2 Rg6
26. Rd1 bxc5 27. bxc5 Rf8 28. Bc4 Bc6 29. Bd3 Rxg2+ 30. Rxg2 Bxf3 31. Qc2 Bxg2
32. Bxh7+ Kh8 33. Be4 f3 34. Bd4 Qg5 35. Qf2 Qg4 36. Re1 Rf4 0-1

[Event "1. liga V 18/19, Gordic-Litovel"]
[Site ""]
[Date "2018.11.11"]
[Round "2.3"]
[White "Piza, Vlastimil"]
[Black "Strasil, Pavel"]
[Result "1/2-1/2"]
[WhiteElo "2236"]
[BlackElo "2036"]
[PlyCount "0"]
[WhiteTeam "SK Gordic"]
[BlackTeam "TJ Tatran Litovel"]
[EventDate "2018.10.21"]

1. e4 e6 2. d4 d5 3. Nd2 a6 4. Ngf3 c5 5. exd5 exd5 6.
dxc5 Bxc5 7. Bd3 Qe7+ 8. Qe2 Nc6 9. c3 Qxe2+ 10. Kxe2 Nge7 11. Re1 O-O 12. Kf1
Bg4 13. h3 Bd7 14. Nb3 Bb6 15. Be3 Bc7 16. Bc5 Rfe8 17. Nbd4 g6 18. Rad1 Nxd4
19. Nxd4 Nc6 20. Nxc6 Bxc6 21. Rxe8+ Rxe8 22. Bd4 Ba4 23. b3 Bc6 24. Be2 f5 25.
Bf3 Kf7 26. g3 Rd8 27. h4 h5 28. a4 Ke6 29. Re1+ Kd7 30. Bf6 Re8 31. Rxe8 Kxe8
32. Ke2 a5 33. Ke3 Kf7 34. Bd4 Ke6 35. Be2 Bd8 36. Kf4 Kd6 37. Ke3 Ke6 38. f4
Kd6 39. Bd3 Ke6 40. Bc5 Bf6 41. Kd2 Bd8 42. Be2 Bc7 43. Kc2 Bd8 44. Kb2 Bc7 45.
Bd4 Bd8 46. Ka3 Bc7 47. b4 b6 48. Kb3 Kd7 1/2-1/2

[Event "1. liga V 18/19, Gordic-Litovel"]
[Site ""]
[Date "2018.11.11"]
[Round "2.5"]
[White "Kulovana, Eva"]
[Black "Krejci, Jan"]
[Result "1-0"]
[WhiteElo "2171"]
[BlackElo "2107"]
[PlyCount "0"]
[WhiteTeam "SK Gordic"]
[BlackTeam "TJ Tatran Litovel"]
[EventDate "2018.10.21"]

1. e4 e5 2. Nf3 Nf6 3. Nxe5 d6 4. Nf3 Nxe4 5. Nc3 Nxc3
6. dxc3 Be7 7. Be3 Nc6 8. Qd2 Be6 9. O-O-O Qd7 10. Kb1 a6 11. h3 Bf6 12. g4 h6
13. Bg2 Rb8 14. Nd4 Nxd4 15. Bxd4 Bxd4 16. cxd4 d5 17. f4 f6 18. f5 Bf7 19.
Rde1+ Kd8 20. h4 Re8 21. g5 Rxe1+ 22. Rxe1 hxg5 23. hxg5 Qxf5 24. gxf6 Qxf6 25.
Bh3 b5 26. Rf1 Qe7 27. Qf2 Be8 28. Re1 Qf6 29. Qg2 c6 30. Qg4 Qf7 31. Re6 Rb7
32. Rxe8+ Qxe8 33. Qc8+ Ke7 34. Qxb7+ Kf6 35. a3 1-0

[Event "1. liga V 18/19, Gordic-Litovel"]
[Site ""]
[Date "2018.11.11"]
[Round "2.6"]
[White "Neoral, Antonin"]
[Black "Sedlacek, Oldrich"]
[Result "1/2-1/2"]
[WhiteElo "2125"]
[BlackElo "2219"]
[PlyCount "0"]
[WhiteTeam "TJ Tatran Litovel"]
[BlackTeam "SK Gordic"]
[EventDate "2018.10.21"]

1. e4 c6 2. d4 d5 3. e5 c5 4. dxc5 e6 5. Nf3 Bxc5 6.
Bd3 Nc6 7. O-O f6 8. Bb5 Qb6 9. c4 fxe5 10. Nc3 dxc4 11. Nxe5 Nf6 12. Qe2 O-O
13. Nxc6 bxc6 14. Bxc4 Bd4 15. Bxe6+ Bxe6 16. Qxe6+ Kh8 17. Be3 Bxe3 18. Qxe3
Qxb2 19. Qc5 1/2-1/2

[Event "1. liga V 18/19, Gordic-Litovel"]
[Site ""]
[Date "2018.11.11"]
[Round "2.7"]
[White "Zigo, Viktor"]
[Black "Svancara, Petr"]
[Result "1/2-1/2"]
[WhiteElo "2272"]
[BlackElo "2158"]
[PlyCount "0"]
[WhiteTeam "SK Gordic"]
[BlackTeam "TJ Tatran Litovel"]
[EventDate "2018.10.21"]

1. e4 Nf6 2. e5 Nd5 3. d4 d6 4. c4 Nb6 5. exd6 exd6 6.
Bd3 Nc6 7. Be3 Be7 8. Nc3 Bf6 9. Nge2 d5 10. cxd5 Nxd5 11. Nxd5 Qxd5 12. O-O
O-O 13. Qa4 Bd7 14. Nc3 Qh5 15. Ne4 Ne5 16. Nxf6+ gxf6 17. Qd1 Qxd1 18. Rfxd1
Nxd3 19. Rxd3 Rfe8 20. d5 Re4 21. Rb3 b6 22. Rc1 Re5 23. Rxc7 Rxd5 24. h3 Rc8
25. Rxa7 b5 26. Bh6 Bf5 27. Rg3+ Bg6 28. Rc3 Re8 29. Rac7 Bd3 30. Rc8 Rdd8 31.
Rxd8 Rxd8 32. Rc7 Bb1 33. a3 Bd3 34. Kh2 Bf5 35. Rc5 Bd3 36. Kg3 f5 37. Bg5 Rd6
38. Bf4 Rg6+ 39. Kh2 Bf1 40. g3 Re6 41. Rxf5 f6 42. Bd2 Bd3 43. Rf4 Kf7 44. Bc3
Kg6 45. g4 f5 46. Rd4 1/2-1/2

[Event "1. liga V 18/19, Gordic-Litovel"]
[Site ""]
[Date "2018.11.11"]
[Round "2.8"]
[White "Gerych, Jan"]
[Black "Brychta, David"]
[Result "1/2-1/2"]
[WhiteElo "1991"]
[BlackElo "2135"]
[PlyCount "0"]
[WhiteTeam "TJ Tatran Litovel"]
[BlackTeam "SK Gordic"]
[EventDate "2018.10.21"]

1. Nf3 Nf6 2. c4 g6 3. Nc3 d5 4. cxd5 Nxd5 5. d4 Bg7 6.
e4 Nxc3 7. bxc3 c5 8. Be3 O-O 9. Be2 Qa5 10. Qd2 Rd8 11. Rd1 Nc6 12. h3 Bd7 13.
O-O Rac8 14. Qb2 cxd4 15. cxd4 Qb4 16. Qxb4 Nxb4 17. Rb1 Nc2 18. Rxb7 Nxe3 19.
fxe3 a5 20. Bd1 a4 21. Ng5 f6 22. Rxd7 Rxd7 23. Bg4 Rdc7 24. Be6+ Kf8 25. Bxc8
Rxc8 26. Ne6+ Kf7 27. Nc5 Bh6 28. Kf2 Rb8 29. Nxa4 Rb4 30. Nc3 Rb2+ 31. Kf3 Rc2
32. Nd5 1/2-1/2

[Event "1. liga V 18/19, Rychnov-Kromeriz"]
[Site ""]
[Date "2018.11.11"]
[Round "2.1"]
[White "Fiedorek, Michal"]
[Black "Malinovsky, Karel"]
[Result "1/2-1/2"]
[WhiteElo "2162"]
[BlackElo "2460"]
[PlyCount "0"]
[WhiteTeam "Panda Rychnov n. K."]
[BlackTeam "Slavia Kromeriz"]
[EventDate "2018.10.21"]

1. e4 e5 2. Nf3 Nc6 3. Bb5 a6 4. Ba4 Nf6 5. O-O Be7 6. Re1 b5 7. Bb3 O-O 8. a4
Na5 9. axb5 Nxb3 10. cxb3 d5 11. d4 dxe4 12. Nxe5 Bb7 13. bxa6 Qd5
14. Nc3 Qe6 15. Bg5 Rxa6 16. Rxa6 Bxa6 17. Bxf6 Bxf6 18. Nxe4 Bxe5 19. dxe5
Qxe5 20. Nc3 Qg5 21. Qd5 Qg6 22. b4 h6 23. b5 Bc8 24. Qc6 Be6 25. Qxc7 Rc8 26.
Qe5 Qc2 27. Qe2 Qb3 28. Qd2 Qb4 29. h3 Rb8 30. Re4 Qc5 31. Qe3 Qc7 32. Rd4 Ra8
33. Rd1 Bb3 34. Re1 Be6 35. Rd1 Rb8 36. Qd4 Bc4 37. Qd6 Qxd6 38. Rxd6 Bxb5 39.
Nxb5 Rxb5 40. Rd2 Kf8 41. h4 Ke7 42. g3 g5 43. hxg5 1/2-1/2

[Event "1. liga V 18/19, Rychnov-Kromeriz"]
[Site ""]
[Date "2018.11.11"]
[Round "2.2"]
[White "Cvek, Robert"]
[Black "Mareckova, Martina"]
[Result "1-0"]
[WhiteElo "2515"]
[BlackElo "2122"]
[PlyCount "0"]
[WhiteTeam "Slavia Kromeriz"]
[BlackTeam "Panda Rychnov n. K."]
[EventDate "2018.10.21"]

1. Nf3 Nf6 2. c4 g6 3. b3 Bg7 4. Bb2 d6 5. d4 O-O 6. g3 e5 7. dxe5 Ng4 8. Bg2
Nc6 9. h3 Ngxe5 10. Nxe5 dxe5 11. Qxd8 Rxd8 12. Bxc6 bxc6 13. Nc3 h5 14. Na4 f6
15. f3 Kf7 16. e4 Be6 17. Ke2 h4 18. g4 g5 19. Ba3 Rd7 20. Rhd1 Bf8 21. Rxd7+
Bxd7 22. Rd1 Be6 23. Bc5 Bxc5 24. Nxc5 a5 25. Kd3 Ke7 26. Kc3 Bc8 27. Kb2 Ra7
28. Ka3 Ra8 29. Ka4 Ra7 30. Rd3 Ra8 31. Rd2 Ke8 32. a3 Ke7 33. Rd1 Ke8 34. b4
axb4+ 35. Kxb4 Rb8+ 36. Kc3 Ke7 37. a4 Ra8 38. Ra1 Kd6 39. Nb3 Ba6 40. Rd1+ Ke7
41. Na5 c5 42. Nb3 Bb7 43. Nxc5 Bc6 44. Kb4 Rb8+ 45. Ka3 Ra8 46. Rd2 Be8 47.
Rd3 Bc6 48. Rd1 Be8 49. Rb1 Ra5 50. Kb4 Ra8 51. Ra1 Rb8+ 52. Kc3 Kd6 53. Nd3 c6
54. a5 Bd7 55. a6 Kc7 56. a7 Ra8 57. Kb4 Kb6 58. Nc5 Bc8 59. Ra2 Kc7 60. Ra3
Kb6 61. Ra5 Kc7 62. Na4 1-0

[Event "1. liga V 18/19, Rychnov-Kromeriz"]
[Site ""]
[Date "2018.11.11"]
[Round "2.3"]
[White "Machlowski, Slawomir"]
[Black "Dvorak, Martin"]
[Result "1/2-1/2"]
[WhiteElo "2095"]
[BlackElo "2177"]
[PlyCount "0"]
[WhiteTeam "Panda Rychnov n. K."]
[BlackTeam "Slavia Kromeriz"]
[EventDate "2018.10.21"]

1. g3 d5 2. Nf3 Nf6 3. Bg2 c6 4. c4 Bf5 5. O-O e6 6. cxd5 exd5 7. d3 Be7 8. Qc2
h6 9. Nc3 O-O 10. e4 Bh7 11. h3 Na6 12. Nh4 Re8 13. a3 Bc5 14. Bd2 Bd4 15. Rae1
Qd7 16. g4 Rad8 17. Nf5 Bb6 18. Bf4 Bxf5 19. exf5 Bc7 20. Bxc7 Nxc7 21. d4 Qd6
22. Qc1 Ne4 23. Nxe4 dxe4 24. Bxe4 Qxd4 25. Bg2 Qd2 26. Qb1 Nb5 27. Rxe8+ Rxe8
28. Rd1 Qf4 29. Qd3 h5 30. Qg3 Qxg3 31. fxg3 hxg4 32. hxg4 Re7 33. Kf2 f6 34.
Bf1 Nc7 35. Bc4+ Kf8 36. Rd8+ Re8 37. Rd7 Re7 38. Rd8+ Re8 39. Rd7 Re7 40. Rd8+
Re8 1/2-1/2

[Event "1. liga V 18/19, Rychnov-Kromeriz"]
[Site ""]
[Date "2018.11.11"]
[Round "2.4"]
[White "Pastircak, Milan"]
[Black "Jonas, Vlastimil"]
[Result "1-0"]
[WhiteElo "2287"]
[BlackElo "2106"]
[PlyCount "0"]
[WhiteTeam "Slavia Kromeriz"]
[BlackTeam "Panda Rychnov n. K."]
[EventDate "2018.10.21"]

1. Nf3 d5 2. c4 c6 3. g3 Nf6 4. b3 Bf5 5. Bb2 e6 6. Bg2 h6 7. O-O Nbd7 8. d3
Be7 9. Nbd2 O-O 10. Rc1 a5 11. a3 Qb6 12. e4 Bh7 13. e5 Ne8 14. d4 dxc4 15.
Nxc4 Qa7 16. Nfd2 Nc7 17. Be4 Rfd8 18. Bxh7+ Kxh7 19. Qf3 Kg8 20. Ne4 Ne8 21.
Bc3 b6 22. a4 Nf8 23. Rfd1 Qb7 24. h4 Rd7 25. Rd2 Qc7 26. Bb2 Rad8 27. Rdc2 Qb7
28. Kg2 Bb4 29. h5 Nh7 30. Ne3 Rc8 31. Rxc6 Rxc6 32. Rxc6 Rc7 33. Rxc7 Qxc7 34.
Nc4 Qd8 35. Qe3 Ng5 36. Nxg5 hxg5 37. Qe4 f5 38. exf6 Qxf6 39. d5 Bc3 40. Bxc3
1-0